| 000 | 00445nam a22001697a 4500 | ||
|---|---|---|---|
| 005 | 20180704115925.0 | ||
| 008 | 160512b xxu||||| |||| 00| 0 eng d | ||
| 020 | _a81-85989-28-1 | ||
| 041 | _aeng | ||
| 082 |
_b1408 _a658.15 |
||
| 100 |
_aRustagi, R.P. _91193 |
||
| 245 | _aFinancial Management(Theory, Concept & Problem) | ||
| 260 |
_aNew Delhi _bGalgotia Publ. Pvt. Ltd. _c2009 |
||
| 300 | _a1070p, | ||
| 650 |
_aManagement _9241 |
||
| 942 | _cBK | ||
| 999 |
_c604 _d604 |
||